000 00359nam a2200145Ia 4500
008 191201s2005 xx 000 0 und d
082 _a746.92
_bALF
100 _aALLEN, Ann
245 0 _aFashion Drawing: The Basic Principles
250 _a1st
260 _aN.Delhi
_bOm Book International
_c2005
300 _a109
650 _aB.Tech(TE)
942 _2ddc
_cBK
999 _c2328
_d2328